Catalogue of the Ethnographical Museum of the Royal Geographical Society of Egypt /

محفوظ في:

المؤلف الرئيسي: Jamʻīyah al-Jughrāfīyah al-Miṣrīyah (مؤلف)

مؤلفون آخرون: Thomas, Ernest S.

التنسيق: كتاب

اللغة: English

الموضوعات:

الوسوم: إضافة وسم

لا توجد وسوم, كن أول من يضع وسما على هذه التسجيلة!

رقم الطلب: GN37 .C25 J3 1924

LEADER 01222namaa2200313 4500
001 20328
003 OSt
005 20210214061001.0
008 130303s1924 ua f g bc 000 0 eng d
952 |0 0  |1 0  |2 lcc  |4 0  |6 GN0037 C25 J3 01924  |7 1  |9 10329  |a ARCE  |b ARCE  |d 2021-02-14  |l 0  |o GN37 .C25 J3 1924  |p 1000148  |r 2021-02-14 00:00:00  |w 2021-02-14  |y BK 
999 |c 18812  |d 18812 
010 |a 56053894 
040 |c ARCE Library 
043 |a f-ua--- 
050 0 4 |a GN37 .C25 J3 1924 
100 1 |6 880-01  |a Jamʻīyah al-Jughrāfīyah al-Miṣrīyah,  |e author 
245 1 0 |a Catalogue of the Ethnographical Museum of the Royal Geographical Society of Egypt /  |c by E. S. Thomas. 
264 1 |a Le Caire :  |b Imprimerie de l'Institut français d'archéologie orientale,  |c 1924. 
300 |a 130 pages :  |b plates ;  |c 25 cm. 
336 |a text  |b txt  |2 rdacontent 
337 |a unmediated  |b n  |2 rdamedia 
338 |a volume  |b nc  |2 rdacarrier 
504 |a Includes bibliographical references. 
650 0 |a Ethnology  |z Egypt  |v cataloges. 
650 0 |a Ethnological museums and collections  |v cataloges. 
700 1 |a Thomas, Ernest S. 
880 1 |6 100-01/(3/r  |a جمعية الجغرافية المصرية.‪‪‪‪ 
901 |a reviewed 
942 |c BK  |2 lcc